| 000 | 04186nam a22005537a 4500 | ||
|---|---|---|---|
| 005 | 20090120101437.0 | ||
| 008 | 090120t xxu||||| |||| 00| 0 eng d | ||
| 010 | _aB-344332-344 | ||
| 020 |
_a0439420806 _c110.00 |
||
| 035 | _aB-344332-344 | ||
| 035 | _aB-357796 | ||
| 037 | _bTarun Books | ||
| 040 |
_aDPL _bEnglish |
||
| 082 | _aS | ||
| 100 | _aAbbott, Tony | ||
| 245 |
_aThe coiled viper / _cby Tony Abbott ; illustrated by Tim Jessell |
||
| 260 |
_aNew York _bScholastic _c2008 (repr.) |
||
| 270 |
_a557 Broadway _bNew York _eNY 10012 |
||
| 300 |
_a118p. _bill. ; _c20cm. (pbk) |
||
| 490 | _aThe secrets of Droon ; 19 | ||
| 500 | _a"A Little Apple paperback." | ||
| 520 | _aMagic on Main Street?!! The border between Droon and the Upper World has been crossed. And now evil Sparr is in Eric's hometown! On a search for the Coiled Viper, he's turning the Upper World inside out. Talking frogs, flying kids, a Ninn parade down Main | ||
| 650 |
_aDroon (Imaginary place) _vJuvenile fiction. |
||
| 650 | _aFantasy. | ||
| 650 |
_aFriendship _vFiction. |
||
| 655 |
_aFantasy fiction. _2gsafd |
||
| 700 | _aJessell, Tim | ||
| 710 | _aCopyright Paperback Collection (Library of Congress) | ||
| 800 |
_aAbbott, Tony. _tSecrets of Droon ; _v#19. |
||
| 856 | _uhttp://www.loc.gov/catdir/description/schol051/2004596437.html | ||
| 942 |
_2ddc _cCH _hS _mABB |
||
| 999 |
_c21495 _d21495 |
||